Riadenie jednoduchého lietajúceho zariadenia - Paracoptera

Uložené v:
Podrobná bibliografia
Hlavný autor: Huba, Tomáš, 1978- (Autor)
Ďalší autori: Pestún, Ivan, 1984- (Vedúci práce)
Médium: Rukopis Kniha
Jazyk:Slovak
Vydavateľské údaje: Bratislava : STU v Bratislave FEI, 2011
Predmet:
On-line prístup:VAIS
Tagy: Pridať tag
Žiadne tagy, Buďte prvý, kto otaguje tento záznam!

MARC

LEADER 00000ntm a22000003a 4500
001 stu230530
005 20150617230141.5
008 110709s2011----xo------------------slo-d
040 |a STU  |b slo 
041 0 |a slo 
044 |a xo 
100 1 |a Huba, Tomáš,  |d 1978-  |4 aut  |u E010  |T FEI Ústav riadenia a priemyselnej informatiky  |X 70083  |U E010  |Y E010  |7 A000070083 
242 0 0 |a Control of simple flying vehicle - paracopter  |y eng 
245 1 |a Riadenie jednoduchého lietajúceho zariadenia - Paracoptera 
260 |a Bratislava :  |b STU v Bratislave FEI,  |c 2011 
300 |a 73 s 
650 7 |a robotika  |2 stusub 
650 7 |a robotics  |2 estusub 
650 7 |a automatizácia  |2 stusub 
650 7 |a riadenie motora  |2 stusub 
650 7 |a elektronika motorov  |2 stusub 
700 1 |a Pestún, Ivan,  |d 1984-  |4 ths  |u E010  |T FEI Ústav riadenia a priemyselnej informatiky  |X 12292  |U E010  |Y E010  |7 A000012292 
856 4 |a info a plný text  |u http://is.stuba.sk/zp/portal_zp.pl?podrobnosti=72850  |3 VAIS 
996 |b 284EP09797  |c E*DIPL-9797  |l EE23  |s P  |a 0  |w stu230530_0001